Vista normal
Vista MARC
Entrada Personal Name
Número de registros utilizados en: 1
001 - CONTROL NUMBER
- control field: 14739
003 - CONTROL NUMBER IDENTIFIER
- control field: OSt
005 - DATE AND TIME OF LATEST TRANSACTION
- control field: 20210310220511.0
008 - FIXED-LENGTH DATA ELEMENTS
- fixed length control field: 210310|| aca||aabn | a|a d
040 ## - CATALOGING SOURCE
- Original cataloging agency: OSt
- Transcribing agency: OSt
100 ## - HEADING--PERSONAL NAME
- Personal name: Ministerio de Relaciones Exteroiores
670 ## - SOURCE DATA FOUND
- Source citation: Work cat.: (OSt): Ministerio de Relaciones Exteroiores, Colombianos u memorias seminario sobre migracion internacional Colombiana y la conformacion de comunidades transnacionales, 2004